Дело о службе унтер-офицера Ивана Белоусова

Доступно только в Электронных читальных залах Найти на картеНа карте
RUSMARC
00004017nmc2a22000003x 450
00106fecf9f-f2a5-49b1-8d5d-d6f9a17dd2ce
00520181008193042.0
100##$a20161219l18201830k l0rusy0189 ca
1010#$arus
102##$aRU
2001#$aДело о службе унтер-офицера Ивана Белоусова
$j11 января 1820 г. - 8 октября 1830 г.
251##$cДело
300##$aДело
300##$aОриг. заголовок дела: Дело о представлении к пенсиону отставного унтер-офицера Ивана Белоусова и об увольнении его. 11 января 1820 г. - 8 октября 1830 г
801#0$aRU
$bРГИА
$c20161219
$gRCR
801#1$aRU
$bГлавНИВЦ
$c20161219
$2rusmarc
801#2$aRU
$bПБ им. Б.Н. Ельцина
$c20181008
$gRCR
$2rusmarc
850##$aРГИА
852##$aРГИА
$eФедеральное казенное учреждение "Российский государственный исторический архив" (РГИА)
$j1973
937##$hРГИА
$d12237213
$aASBIBLIO_SCAN
462#0$1001dd3991dc-24e1-42ec-8838-ca4255420416
$12001
$a1746-1850 гг.
$1251
$cОпись
$1852
$j1
461#0$10019264ebf8-de62-4f1a-9eb4-9f22098dbbd5
$12001
$aДирекция императорских театров МИДв
$1251
$cФонд
$1852
$j497
215##$a28 л.
$d36,5х26 см
371##$aДокумент не является опубликованным и широко распространяемым
5171#$aДело о представлении к пенсиону отставного унтер-офицера Ивана Белоусова и об увольнении его. 11 января 1820 г. - 8 октября 1830 г
105##$ay###
1222#$ad
035##$a06fecf9f-f2a5-49b1-8d5d-d6f9a17dd2ce
856##$uhttp://readingroom.main.prlib.ru/item.aspx?id_node=n119041632&mode=full
Формат отображения